000 00677nam a2200253 i 4500
001 C2-0310280
003 PPAK
005 20180728101535.0
008 110613s1972 nyua|||| ||||| | eng d
020 _a0486228630
040 _aPPAK
_beng
_cPPAK
_erda
082 0 4 _a641.865
_223
090 0 0 _a641.865
_bDAN
_dKMI
245 0 0 _aDanish home baking
264 1 _aNew York :
_bDover Publications ,
_c1972
300 _a87 pages :
_billustrations ;
_c21 cm
336 _2rdacontent
_atext
337 _2rdamedia
_aunmediated
338 _2rdacarrier
_avolume
650 1 0 _aBaking
700 1 _aViktor, Kaj,
_ecompile
700 1 _aBerg, Karen,
_eeditor
942 _ddc
_cB
999 _c112752
_d112752